Statistiken für Welche Stadt in Rheinland-Pfalz?

Klicken Sie hier um das Quiz zu spielen!

Allgemein

  • Dieses Quiz wurde 1.893 mal gespielt
    (1.803 seit der letzten Aktualisierung)
  • Das Durchschnittsergebnis liegt bei 10 aus 20

Antwortstatistiken

BeschreibungBuchstabeStadt% Korrekt
LandeshauptstadtMMainz
98%
Diese Stadt erhebt Anspruch darauf die älteste Stadt Deutschlands zu seinTTrier
93%
Das Fritz-Walter-Stadion, ehemals Betzenbergstadion und auch Betzenberg oder Betze genannt, liegt in dieser StadtKKaiserslautern
86%
Bei dieser Großstadt mündet die Mosel in den RheinKKoblenz
85%
Diese Gemeinde kennt man aus dem MotorsportNNürburg
77%
Diese Stadt kennt man durch einen deutschen Hersteller von MineralwasserproduktenGGerolstein
75%
Diese Stadt liegt am Rhein; auf der anderen Seite des Rheins ist die Schwesterstadt Mannheim gelegenLLudwigshafen
71%
Diese Stadt in der Eifel ist bekannt durch seine BrauereiBBitburg
70%
Diese Stadt am linken Rheinufer ist auch als Nibelungen- und Lutherstadt bekanntWWorms
53%
Diese Stadt ist die kleinste kreisfreie Stadt Deutschlands und liegt unmittelbar an der Grenze zum SaarlandZZweibrücken
44%
Diese Mittelstadt ist durch ihren Kaiser- und Mariendom, der seit 1981 zum UNESCO-Welterbe zähltSSpeyer
42%
Diese Stadt ist weltbekannt durch seine über 500 Jahre alte Edelstein- und SchmuckindustrieIIdar-Oberstein
40%
Diese Stadt ist eines der Zentren des deutschen Weinbaus und veranstaltet jährlich das Deutsche WeinlesefestNNeustadt an der Weinstraße
36%
Diese Stadt am Westrand des Pfälzerwalds war einst als Zentrum der deutschen Schuhindustrie bekanntPPirmasens
35%
Diese Stadt war Ausgangspunkt der Ausoniusstraße, einer römischen Militärstraße, welche die Stadt mit der heutigen Landeshauptstadt verband; bei ihr fließt die Nahe in den RheinBBingen am Rhein
29%
Diese Stadt war vom 16. bis zum 18. Jahrhundert einer der wichtigsten Orte des Kurfürstentums Pfalz und grenzt im Norden an die oben und im Süden an die unten gesuchte StadtFFrankenthal
26%
Kurstadt und die größte Stadt an der NaheBBad Kreuznach
24%
Hier ist der Sitz der Kreisverwaltung des Landkreises Ahrweiler; eine stark betroffene Stadt der Flutkatastrophe 2021BBad Neuenahr-Ahrweiler
24%
Aufgrund des dominierenden Anbaus von Rotwein wird diese Stadt als „Rotweinstadt“ bezeichnetIIngelheim am Rhein
20%
Diese Stadt am Rhein wurde im Jahr 1653 als Planstadt gegründet und ist heute die größte kreisangehörige Stadt des LandesNNeuwied
16%

Verteilung der Resultate

Perzentil nach korrekt beantworteten Fragen

Anzahl Personen mit jedem Resultat

Ihre Resultats-Entwicklung

Sie haben dieses Quiz seit der letzten Aktualisierung nicht gespielt